[Event "European zonal 3"]
[Site "Vrnjacka Banja YUG"]
[Date "1972.04.07"]
[Round "8"]
[White "Csom, Istvan"]
[Black "Hohler, Peter"]
[Result "1-0"]
[WhiteElo "2480"]
[BlackElo "2330"]
[EventDate "1972.03.31"]
[PlyCount "115"]

1.e4 c5 2.c3 Nf6 3.e5 Nd5 4.d4 cxd4 5.Nf3 Nc6 6.cxd4 d6 7.Nc3 dxe5 8.dxe5 
Nxc3 9.Qxd8+ Nxd8 10.bxc3 Nc6 11.Bb5 Bd7 12.a4 g6 13.O-O Bg7 14.Re1 O-O 
15.Ba3 Rfd8 16.h3 Rac8 17.a5 Nxe5 18.Rxe5 Bxe5 19.Bxd7 Rxd7 20.Nxe5 Rd5 
21.Re1 Rxa5 22.Bxe7 Ra6 23.Nd3 Rac6 24.Bb4 b6 25.Nf4 a5 26.Ba3 Rd8 27.Re3 
Rc4 28.g3 b5 29.Kg2 h5 30.Be7 Rb8 31.Nd5 Rc6 32.Bb4 Ra6 33.Bc5 Re6 34.Rd3 
Kh7 35.Ba7 Ra8 36.Bd4 Rc8 37.Rd2 g5 38.Ra2 b4 39.Rxa5 bxc3 40.Bxc3 Rec6 
41.Bd4 Rd8 42.Be3 g4 43.Ne7 gxh3+ 44.Kxh3 Re6 45.Rxh5+ Kg7 46.Nf5+ Kg6 47.
g4 f6 48.Rh6+ Kf7 49.Rh7+ Kg8 50.Rb7 Rd1 51.Kg2 Ra6 52.Bh6 Rda1 53.Be3 
R1a4 54.Kf3 Ra3 55.Ne7+ Kf8 56.Nd5 R3a4 57.Bh6+ Kg8 58.Bg7 1-0

[Event "European zonal 3"]
[Site "Vrnjacka Banja YUG"]
[Date "1972.04.08"]
[Round "9"]
[White "Malich, Burkhard"]
[Black "Ciocaltea, Victor"]
[Result "1/2-1/2"]
[WhiteElo "2450"]
[BlackElo "2460"]
[EventDate "1972.03.31"]
[PlyCount "46"]

1.d4 Nf6 2.c4 c5 3.d5 b5 4.cxb5 a6 5.bxa6 Bxa6 6.Nc3 g6 7.e4 Bxf1 8.Kxf1 
d6 9.g3 Bg7 10.Kg2 O-O 11.f4 Na6 12.Nf3 Qb6 13.Re1 Nb4 14.Re2 Qa6 15.a4 
Rfb8 16.Ra3 Qc4 17.Nd2 Qd3 18.Nf1 Qxd1 19.Nxd1 c4 20.Nf2 Nd7 21.Be3 Nd3 
22.Nxd3 cxd3 23.Rxd3 Rxa4 1/2-1/2

[Event "European zonal 3"]
[Site "Vrnjacka Banja YUG"]
[Date "1972.04.08"]
[Round "9"]
[White "Hohler, Peter"]
[Black "Bukic, Enver"]
[Result "1/2-1/2"]
[WhiteElo "2330"]
[BlackElo "2465"]
[EventDate "1972.03.31"]
[PlyCount "48"]

1.Nf3 Nf6 2.g3 g6 3.b3 Bg7 4.Bb2 O-O 5.Bg2 d6 6.d4 c6 7.Nbd2 Qa5 8.O-O Qh5
9.Re1 Na6 10.e4 Nc7 11.Nc4 Bg4 12.e5 Nfe8 13.Ne3 Rd8 14.Nxg4 Qxg4 15.Qe2 
Qd7 16.Rad1 Ne6 17.d5 cxd5 18.Rxd5 N8c7 19.Rd2 Na6 20.a4 Qc7 21.exd6 Rxd6 
22.Rxd6 exd6 23.Bxg7 Kxg7 24.Bh3 Re8 1/2-1/2

[Event "European zonal 3"]
[Site "Vrnjacka Banja YUG"]
[Date "1972.04.08"]
[Round "9"]
[White "Pribyl, Josef"]
[Black "Csom, Istvan"]
[Result "1/2-1/2"]
[WhiteElo "2435"]
[BlackElo "2480"]
[EventDate "1972.03.31"]
[PlyCount "75"]

1.e4 c5 2.Nc3 Nc6 3.f4 g6 4.Nf3 Bg7 5.Bc4 d6 6.O-O e6 7.d3 Nge7 8.Qe1 O-O 
9.Qh4 d5 10.Bb3 Nd4 11.Nxd4 Bxd4+ 12.Kh1 dxe4 13.Nxe4 Nf5 14.Qh3 b6 15.Ng5
h6 16.Nf3 Bg7 17.Ne5 Bb7 18.Bd2 Qc7 19.Rae1 Rad8 20.c3 Rd6 21.Kg1 h5 22.
Rd1 b5 23.Be3 Rfd8 24.Bf2 c4 25.Bc2 cxd3 26.Rxd3 Bxe5 27.fxe5 Rxd3 28.Bxd3
Qxe5 29.Bxa7 Ra8 30.Bf2 Rxa2 31.Re1 Qf4 32.Bxb5 Rxb2 33.Be2 Qe4 34.Bxh5 
Qc2 35.Be2 Ba6 36.g4 Bxe2 37.gxf5 Bc4 38.Qh4 1/2-1/2

[Event "European zonal 3"]
[Site "Vrnjacka Banja YUG"]
[Date "1972.04.08"]
[Round "9"]
[White "Smejkal, Jan"]
[Black "Bobotsov, Milko"]
[Result "1-0"]
[WhiteElo "2515"]
[BlackElo "2485"]
[EventDate "1972.03.31"]
[PlyCount "135"]

1.c4 Nf6 2.Nf3 e6 3.g3 b6 4.Bg2 Bb7 5.Nc3 Be7 6.O-O O-O 7.d4 Ne4 8.Qc2 
Nxc3 9.Qxc3 c5 10.Rd1 Bf6 11.Qc2 Nc6 12.dxc5 bxc5 13.Bf4 Re8 14.Bd6 Qb6 
15.Rd2 Rac8 16.e3 Nd4 17.Nxd4 Bxg2 18.Kxg2 Bxd4 19.exd4 Qxd6 20.Rad1 cxd4 
21.Rxd4 Qc6+ 22.Qe4 Qxe4+ 23.Rxe4 Red8 24.Rd6 Kf8 25.Ra6 Rc7 26.c5 Rb8 27.
b4 Ke7 28.a3 Rbb7 29.Rh4 h6 30.Rg4 g6 31.Rh4 h5 32.Rd4 Rc6 33.Rd6 Rxd6 34.
Rxd6 a5 35.Rb6 Ra7 36.b5 Rc7 37.Ra6 Rxc5 38.Rxa5 Rc2 39.a4 Rb2 40.Ra6 e5 
41.b6 e4 42.Kf1 Kd6 43.a5 Kc6 44.Ra8 Kb7 45.Ra7+ Kc6 46.Rc7+ Kb5 47.Rxd7 
Kxa5 48.Rxf7 Kxb6 49.Re7 Rb4 50.Re6+ Kc5 51.Rxg6 h4 52.gxh4 Kd4 53.h5 Rb5 
54.h6 Rh5 55.Kg2 Ke5 56.Kg3 Kf5 57.Ra6 Rg5+ 58.Kh4 Rg4+ 59.Kh3 Rg8 60.h7 
Rh8 61.Rh6 Kg5 62.Rh4 Kf5 63.Kg3 Kg5 64.Rh3 Kf5 65.Rh5+ Kf6 66.Kf4 Kg6 67.
Kg4 Kf6 68.Rh6+ 1-0

[Event "European zonal 3"]
[Site "Vrnjacka Banja YUG"]
[Date "1972.04.09"]
[Round "10"]
[White "Csom, Istvan"]
[Black "Malich, Burkhard"]
[Result "1/2-1/2"]
[WhiteElo "2480"]
[BlackElo "2450"]
[EventDate "1972.03.31"]
[PlyCount "45"]

1.e4 c5 2.Nf3 d6 3.Bb5+ Bd7 4.Bxd7+ Qxd7 5.O-O Nc6 6.c3 Nf6 7.d4 Nxe4 8.d5
Nb8 9.Re1 Nf6 10.Na3 g6 11.Bg5 Bg7 12.Qe2 Na6 13.Rad1 Nc7 14.Nc4 Kf8 15.
Ne3 h6 16.Bf4 Nh5 17.Bg3 Nxg3 18.hxg3 Bf6 19.Nd2 Re8 20.Ne4 Bg7 21.Qf3 Kg8
22.Re2 b5 23.g4 1/2-1/2

[Event "European zonal 3"]
[Site "Vrnjacka Banja YUG"]
[Date "1972.04.09"]
[Round "10"]
[White "Bobotsov, Milko"]
[Black "Hohler, Peter"]
[Result "1/2-1/2"]
[WhiteElo "2485"]
[BlackElo "2330"]
[EventDate "1972.03.31"]
[PlyCount "53"]

1.c4 g6 2.d4 Bg7 3.Nc3 d6 4.e4 e5 5.Nge2 Nd7 6.Be3 Nh6 7.f3 f5 8.Qd2 Nf7 
9.O-O-O O-O 10.Kb1 Nf6 11.d5 c5 12.h3 f4 13.Bf2 Nh5 14.Nc1 a6 15.Bd3 Bd7 
16.a3 Qa5 17.N3a2 Qc7 18.Ne2 b5 19.Rc1 Rfb8 20.Ka1 Bf8 21.b4 Nd8 22.Rc2 
Nb7 23.Rb1 Be7 24.Nac1 Ng7 25.Nb3 Ne8 26.Qe1 Rc8 27.Rbb2 1/2-1/2

[Event "European zonal 3"]
[Site "Vrnjacka Banja YUG"]
[Date "1972.04.09"]
[Round "10"]
[White "Bukic, Enver"]
[Black "Pribyl, Josef"]
[Result "1/2-1/2"]
[WhiteElo "2465"]
[BlackElo "2435"]
[EventDate "1972.03.31"]
[PlyCount "25"]

1.d4 Nf6 2.c4 g6 3.d5 c6 4.Nc3 cxd5 5.cxd5 Qa5 6.f3 e6 7.dxe6 dxe6 8.e4 
Bg7 9.Qa4+ Qxa4 10.Nxa4 Bd7 11.Nc3 a6 12.Be3 Bc6 13.Nge2 1/2-1/2

[Event "European zonal 3"]
[Site "Vrnjacka Banja YUG"]
[Date "1972.04.09"]
[Round "10"]
[White "Kristinsson, Jon"]
[Black "Hartston, William Roland"]
[Result "1/2-1/2"]
[WhiteElo "2380"]
[BlackElo "2390"]
[EventDate "1972.03.31"]
[PlyCount "62"]

1.d4 Nf6 2.Nf3 g6 3.g3 Bg7 4.Bg2 d5 5.O-O O-O 6.c4 dxc4 7.Ne5 Ne8 8.Na3 
Nd6 9.e3 c6 10.Naxc4 Nxc4 11.Nxc4 Be6 12.Qe2 Bd5 13.Rd1 f5 14.b3 Bxg2 15.
Kxg2 Qd5+ 16.f3 Nd7 17.Bb2 Nf6 18.Ne5 g5 19.Rac1 g4 20.Nd3 gxf3+ 21.Qxf3 
Ng4 22.Qxd5+ cxd5 23.Re1 Rac8 24.h3 Nf6 25.Nc5 b6 26.Ne6 Rfe8 27.Nc7 Red8 
28.Ne6 Rxc1 29.Rxc1 Rd7 30.Rc8+ Kf7 31.Nd8+ Kg6 1/2-1/2

[Event "European zonal 3"]
[Site "Vrnjacka Banja YUG"]
[Date "1972.04.09"]
[Round "11"]
[White "Malich, Burkhard"]
[Black "Bukic, Enver"]
[Result "1-0"]
[WhiteElo "2450"]
[BlackElo "2465"]
[EventDate "1972.03.31"]
[PlyCount "97"]

1.d4 Nf6 2.c4 g6 3.Nc3 Bg7 4.e4 d6 5.Nf3 O-O 6.Be2 e5 7.O-O Nc6 8.d5 Ne7 
9.b4 Nh5 10.c5 Nf4 11.Bxf4 exf4 12.Rc1 h6 13.h3 g5 14.a4 Ng6 15.a5 Re8 16.
Nd2 Bxc3 17.Rxc3 Qf6 18.Qc2 Ne5 19.Rc1 Kg7 20.Qd1 Rh8 21.Bh5 Bd7 22.cxd6 
cxd6 23.Rc7 Rab8 24.Nc4 Nxc4 25.Rxd7 Ne5 26.Rdc7 Rhd8 27.b5 a6 28.Qb3 b6 
29.bxa6 bxa5 30.Qa3 Rb4 31.Qxa5 Rxe4 32.a7 f3 33.a8=Q Rxa8 34.Qxa8 fxg2 
35.Qa3 Rh4 36.Be2 g4 37.Qg3 Rxh3 38.Qxg2 h5 39.R7c3 Rxc3 40.Rxc3 Kh6 41.
Re3 Qg5 42.Qe4 f5 43.Qb4 Qf6 44.f4 Ng6 45.Re6 Qh4 46.Qc3 Kh7 47.Rxd6 g3 
48.Rd7+ Ne7 49.Qf3 1-0

[Event "European zonal 3"]
[Site "Vrnjacka Banja YUG"]
[Date "1972.04.09"]
[Round "11"]
[White "Pribyl, Josef"]
[Black "Bobotsov, Milko"]
[Result "0-1"]
[WhiteElo "2435"]
[BlackElo "2485"]
[EventDate "1972.03.31"]
[PlyCount "72"]

1.e4 c5 2.f4 e6 3.Nf3 a6 4.Nc3 Nc6 5.g3 d5 6.d3 Nf6 7.Qe2 Nd4 8.Nxd4 cxd4 
9.Nb1 dxe4 10.dxe4 Bd7 11.Qf3 Nxe4 12.Bg2 Bb4+ 13.Bd2 Nxd2 14.Nxd2 Bxd2+ 
15.Kxd2 Bc6 16.Qe2 Bxg2 17.Qxg2 Qb6 18.Kc1 O-O 19.Rd1 Rac8 20.Kb1 Rc4 21.
a4 Rfc8 22.a5 Qb4 23.Qd2 f6 24.Ra3 e5 25.Rb3 Qe7 26.fxe5 fxe5 27.Rc1 e4 
28.Rb6 d3 29.c3 R4c6 30.Rxc6 Rxc6 31.Re1 Rf6 32.Qe3 h6 33.Kc1 Re6 34.Kd2 
Qf7 35.Ra1 Qe8 36.Qd4 Qh5 0-1

[Event "European zonal 3"]
[Site "Vrnjacka Banja YUG"]
[Date "1972.04.10"]
[Round "11"]
[White "Rukavina, Josip"]
[Black "Csom, Istvan"]
[Result "1/2-1/2"]
[WhiteElo "2380"]
[BlackElo "2480"]
[EventDate "1972.03.31"]
[PlyCount "25"]

1.c4 Nf6 2.Nf3 e6 3.d4 b6 4.g3 Bb7 5.Bg2 Be7 6.O-O O-O 7.Nc3 Ne4 8.Nxe4 
Bxe4 9.Ne1 Bxg2 10.Nxg2 d5 11.Qc2 dxc4 12.Qxc4 c5 13.Be3 1/2-1/2

[Event "European zonal 3"]
[Site "Vrnjacka Banja YUG"]
[Date "1972.04.10"]
[Round "11"]
[White "Smejkal, Jan"]
[Black "Kristinsson, Jon"]
[Result "1/2-1/2"]
[WhiteElo "2515"]
[BlackElo "2380"]
[EventDate "1972.03.31"]
[PlyCount "92"]

1.c4 e5 2.Nc3 Nf6 3.Nf3 Nc6 4.g3 d5 5.cxd5 Nxd5 6.Bg2 Nb6 7.O-O Be7 8.a3 
O-O 9.b4 Be6 10.d3 f5 11.Bb2 Bf6 12.b5 Nd4 13.Nd2 c6 14.a4 cxb5 15.Nxb5 
Qd7 16.Nxd4 exd4 17.a5 Nd5 18.Nb3 Nc3 19.Bxc3 dxc3 20.Nc5 Qe7 21.Nxe6 Qxe6
22.Bxb7 Rae8 23.e4 Kh8 24.Ra4 Rb8 25.a6 Rfd8 26.Qf3 Qd7 27.Ra5 Qxd3 28.
Qxd3 Rxd3 29.e5 Be7 30.Rc1 Rbd8 31.Kg2 g6 32.Bf3 Rc8 33.Rc2 Rc5 34.Rxc5 
Bxc5 35.Be2 Rd5 36.Rxc3 Rxe5 37.Bf3 Kg7 38.Rb3 Re7 39.Rb5 Rc7 40.Kf1 Kf6 
41.Bd1 Bd4 42.Bb3 Ke7 43.f4 Bc5 44.Rb8 Kf6 45.Bd5 h6 46.Re8 Be7 1/2-1/2

[Event "European zonal 3"]
[Site "Vrnjacka Banja YUG"]
[Date "1972.04.11"]
[Round "12"]
[White "Hartston, William Roland"]
[Black "Smejkal, Jan"]
[Result "1/2-1/2"]
[WhiteElo "2390"]
[BlackElo "2515"]
[EventDate "1972.03.31"]
[PlyCount "51"]

1.e4 c5 2.Nf3 d6 3.d4 cxd4 4.Nxd4 Nf6 5.Nc3 a6 6.Be3 e5 7.Nb3 Be6 8.Qd2 
Nbd7 9.f3 Be7 10.g4 b5 11.g5 Nh5 12.O-O-O Nb6 13.Nd5 Nxd5 14.exd5 Bd7 15.
Na5 O-O 16.Rg1 Rc8 17.Bd3 Kh8 18.Kb1 f5 19.h4 Qe8 20.c4 Bd8 21.Nb7 Qg6 22.
c5 dxc5 23.Nxc5 Qd6 24.Nxd7 Qxd7 25.Be2 Qd6 26.Rc1 1/2-1/2

[Event "European zonal 3"]
[Site "Vrnjacka Banja YUG"]
[Date "1972.04.11"]
[Round "12"]
[White "Bobotsov, Milko"]
[Black "Malich, Burkhard"]
[Result "1/2-1/2"]
[WhiteElo "2485"]
[BlackElo "2450"]
[EventDate "1972.03.31"]
[PlyCount "32"]

1.c4 e5 2.Nf3 Nc6 3.d4 exd4 4.Nxd4 Nf6 5.Nc3 Bb4 6.Bg5 h6 7.Nxc6 bxc6 8.
Bd2 O-O 9.a3 Bxc3 10.Bxc3 Ne4 11.Qd4 Nxc3 12.Qxc3 c5 13.e3 d6 14.Be2 a5 
15.Bf3 Ra7 16.b3 Qe7 1/2-1/2

[Event "European zonal 3"]
[Site "Vrnjacka Banja YUG"]
[Date "1972.04.11"]
[Round "12"]
[White "Kristinsson, Jon"]
[Black "Hohler, Peter"]
[Result "1/2-1/2"]
[WhiteElo "2380"]
[BlackElo "2330"]
[EventDate "1972.03.31"]
[PlyCount "63"]

1.d4 Nf6 2.c4 g6 3.Nf3 Bg7 4.g3 O-O 5.Bg2 d5 6.cxd5 Nxd5 7.O-O Nb6 8.Nc3 
Na6 9.e4 c5 10.d5 e5 11.Qe2 Bd7 12.Be3 Nc8 13.Nd2 Nd6 14.Nc4 Nxc4 15.Qxc4 
Qc8 16.Rac1 b6 17.a3 Qb7 18.Nb5 Bxb5 19.Qxb5 Nc7 20.Qc4 Ne8 21.Rfd1 Nd6 
22.Qe2 Rae8 23.Rb1 f5 24.f3 fxe4 25.fxe4 Qd7 26.b3 Rc8 27.Rbc1 Rc7 28.a4 
a5 29.h4 h5 30.Kh2 Qg4 31.Qd3 Kh7 32.Bh3 1/2-1/2

[Event "European zonal 3"]
[Site "Vrnjacka Banja YUG"]
[Date "1972.04.12"]
[Round "13"]
[White "Ciocaltea, Victor"]
[Black "Csom, Istvan"]
[Result "1-0"]
[WhiteElo "2460"]
[BlackElo "2480"]
[EventDate "1972.03.31"]
[PlyCount "39"]

1.e4 c5 2.Nf3 d6 3.d4 cxd4 4.Qxd4 Bd7 5.c4 Nc6 6.Qd2 Nf6 7.Nc3 g6 8.b3 Bg7
9.Bb2 O-O 10.Be2 Qa5 11.Rb1 Rfc8 12.O-O Rab8 13.h3 a6 14.a3 Qc5 15.b4 Qa7 
16.c5 Ne8 17.Nd5 Bxb2 18.Rxb2 dxc5 19.Qh6 f6 20.Nxe7+ 1-0

[Event "European zonal 3"]
[Site "Vrnjacka Banja YUG"]
[Date "1972.04.12"]
[Round "13"]
[White "Hohler, Peter"]
[Black "Hartston, William Roland"]
[Result "1/2-1/2"]
[WhiteElo "2330"]
[BlackElo "2390"]
[EventDate "1972.03.31"]
[PlyCount "101"]

1.Nf3 g6 2.e4 Bg7 3.d4 d6 4.Bc4 Nf6 5.Qe2 O-O 6.O-O c6 7.Bb3 Bg4 8.c3 e5 
9.dxe5 dxe5 10.h3 Bxf3 11.Qxf3 Na6 12.Be3 Qe7 13.Nd2 Nc5 14.Bc2 Nh5 15.
Bxc5 Qxc5 16.g3 Bh6 17.Rfd1 a5 18.Nf1 Qb6 19.b3 Rad8 20.Rxd8 Rxd8 21.Rd1 
Rxd1 22.Bxd1 Qd8 23.Be2 Nf6 24.Kg2 Bc1 25.Ne3 Bxe3 26.Qxe3 Qd6 27.Bf3 h5 
28.Qb6 h4 29.Qxb7 hxg3 30.Kxg3 Kg7 31.Qb6 Qd3 32.Qe3 Qb1 33.Kg2 Qxa2 34.c4
Qa3 35.h4 Nd7 36.h5 Qc5 37.Qg5 Qd6 38.Qd8 gxh5 39.Bxh5 Qe6 40.Qg5+ Kf8 41.
Qd8+ Kg7 42.Qg5+ Kf8 43.Qd8+ Qe8 44.Qxa5 Qe7 45.Qc7 Qg5+ 46.Kf1 Qxh5 47.
Qxd7 Qh1+ 48.Ke2 Qxe4+ 49.Kd2 Qf4+ 50.Ke2 Qe4+ 51.Kd2 1/2-1/2

[Event "European zonal 3"]
[Site "Vrnjacka Banja YUG"]
[Date "1972.04.12"]
[Round "13"]
[White "Pribyl, Josef"]
[Black "Kristinsson, Jon"]
[Result "1/2-1/2"]
[WhiteElo "2435"]
[BlackElo "2380"]
[EventDate "1972.03.31"]
[PlyCount "20"]

1.e4 e5 2.Nf3 Nc6 3.Bb5 a6 4.Bxc6 dxc6 5.O-O f6 6.d4 Bg4 7.dxe5 Qxd1 8.
Rxd1 Bxf3 9.gxf3 fxe5 10.f4 Nf6 1/2-1/2

[Event "European zonal 3"]
[Site "Vrnjacka Banja YUG"]
[Date "1972.04.12"]
[Round "13"]
[White "Rukavina, Josip"]
[Black "Bobotsov, Milko"]
[Result "1/2-1/2"]
[WhiteElo "2380"]
[BlackElo "2485"]
[EventDate "1972.03.31"]
[PlyCount "25"]

1.Nf3 c5 2.c4 Nc6 3.Nc3 g6 4.e3 d6 5.Be2 Bg7 6.d4 cxd4 7.exd4 Bg4 8.Be3 
Nh6 9.h3 Bxf3 10.Bxf3 Nf5 11.Bxc6+ bxc6 12.Qd2 O-O 13.O-O 1/2-1/2